Các nhà văn Đích Ken & Víchto Huy Gô

Truyện kể về thời thơ ấu, về cuộc sống và sự nghiệp văn chương của nhà văn Anh Sáclơ Đích-ken, nhà văn Pháp Vích-to Huy-gô

Đã lưu trong:
Sonraí Bibleagrafaíochta
Údair Eile: Song Mai (ch.b.), Quý Khôi (b.s.)
Formáid: Leabhar
Teanga:Vietnamese
Foilsithe: H. Văn hoá Thông tin ; Công ty Văn hoá Việt 2005
Sraith:Truyện kể về các Danh nhân Thế giới
Ábhair:
Clibeanna: Cuir Clib Leis
Gan Chlibeanna, Bí ar an gcéad duine leis an taifead seo a chlibeáil!
Thư viện lưu trữ: Mạng thư viện Đại học Đà Nẵng
LEADER 01361aam a22003858a 4500
001 000007254
003 3415
005 20110928070901.0
008 110928s2005 viesd
020 |c 14000đ  |d 1000b 
041 |a vie 
082 |2 14  |a 895.92209 
084 |a V9(1)6-4 
084 |b NH100V 
245 |a Các nhà văn Đích Ken & Víchto Huy Gô  |c B.s.: Song Mai (ch.b.), Quý Khôi 
260 |a H.  |b Văn hoá Thông tin ; Công ty Văn hoá Việt  |c 2005 
300 |a 141tr.  |b hình vẽ  |c 19cm 
490 |a Truyện kể về các Danh nhân Thế giới 
520 |a Truyện kể về thời thơ ấu, về cuộc sống và sự nghiệp văn chương của nhà văn Anh Sáclơ Đích-ken, nhà văn Pháp Vích-to Huy-gô 
600 7 |2 Bộ TK TVQG  |a Đíchken, S.  |c Nhà văn  |y 1812-1870  |z Anh 
600 7 |2 Bộ TK TVQG  |a Huy-gô,V.  |c Nhà văn  |y 1802 - 1885  |z Pháp 
650 7 |2 Bộ TK TVQG  |a Văn học thiếu nhi 
650 7 |2 Bộ TK TVQG  |a Nhà văn 
651 7 |2 Bộ TK TVQG  |a Việt Nam 
655 7 |2 Bộ TK TVQG  |a Truyện danh nhân 
700 0 |a Song Mai  |e ch.b. 
700 0 |a Quý Khôi  |e b.s. 
OWN |a LSP 
999 |a From the UDN01 
TYP |a Monograph 
TYP |a Printed language 
980 |a Mạng thư viện Đại học Đà Nẵng